000 01052cam a2200229 4500
001 ##L132159
008 060116n2005 000 0 eng u
020 _a1860818854
035 _a(Sirsi) u132159
041 0 _aeng
050 0 4 _a698.5 $2 18
100 1 _aKelly, D. J.
245 0 0 _aFactory glazed windows
_bIntroduction and the glazing process
260 _aWatford
_bBRE
_c2005
490 0 _aBRE Digest
_v497(1)
520 _aProvides a summary of guidelines for the production of factory glazed windows, in order to increase their effectiveness. Part one (of two) gives examples of glass units and glazing systems, with particular emphasis on what preparations should be made for each glazing process. Part twofollows the stages between transportation to the sites to maintenance of the windows once installed.
590 _aIKA170106
690 _aBUILT ENVIRONMENT-BUILDING ELEMENTS-PARTS OF BUILDING ELEMENTS-OPENINGS-WINDOWS
700 1 _aGarvin, S. L.
710 2 _aUnited Kingdom
_bDepartment of Trade and Industry
942 _n0
999 _c105042
_d105042